Taylor Swift - The Bolter Lyrics - Statistics

General Stats
  • This quiz has been taken 260 times
  • The average score is 341 of 409
Answer Stats
Answer % Correct
A
100%
a
100%
I
100%
all
99%
All
99%
"The
99%
the
99%
he
98%
He
98%
her
97%
like
97%
she
97%
She
97%
was
97%
And
95%
(And
95%
be
95%
bolt
95%
it
95%
It
95%
we
95%
By
94%
in
94%
must
94%
to
94%
What
94%
When
94%
when
94%
almost
93%
Bolter"
93%
But
93%
felt
93%
this"
93%
this
93%
"Oh
92%
With
92%
with
92%
eyes
91%
fuckin'
91%
kiss
91%
Out
91%
out
91%
six
91%
Started
91%
stop
91%
Then
91%
then
91%
water
91%
drowned
90%
lives
90%
meeting
90%
they
90%
know
89%
up
89%
accounts
88%
before
88%
Flashed
88%
nicknamed
88%
alive
87%
always
87%
call
87%
came
87%
of
87%
town
87%
ends
86%
through
86%
one
85%
time
85%
whore
85%
breathing
84%
car
84%
door
84%
drive
84%
fell
84%
leaving
84%
slam
84%
you
84%
You
84%
evenin'
83%
frigid
83%
best
82%
ever
82%
race
82%
can
81%
face
81%
ice
81%
it's
81%
evening
80%
Just
80%
just
80%
Ended
79%
father
79%
speeding
79%
he'll
78%
mates
78%
own
78%
except
76%
feels
76%
laughed
76%
Men
76%
She's
76%
she's
76%
child
75%
everyone
75%
get
75%
runs
75%
charming
74%
That
74%
back
73%
wanted
73%
curious
72%
good
72%
knows
72%
at
71%
'til
71%
as
70%
been
70%
fun
70%
made
70%
many
70%
any
69%
bad
69%
escape
69%
escaping
69%
faces
69%
hunter
69%
is
69%
quite
69%
trophy
69%
Behind
68%
places
68%
bewitching
67%
confirm
67%
Excellent
67%
off
67%
There's
66%
reviled
65%
him
64%
wouldn't
64%
races
63%
Saturday
63%
That's
63%
got
62%
helpless
62%
for
61%
sees
61%
sore
61%
tiny
61%
way
61%
selfish
60%
cad
59%
under
59%
freedom
58%
sure
58%
aces
57%
bear
57%
charmingly
57%
Down
57%
pulling
57%
stories
57%
care
56%
first
56%
First
56%
hers
56%
making
56%
none
56%
roses
56%
they're
56%
littlest
55%
poses
55%
fate
54%
laughing
54%
liked
54%
Park
54%
Central
53%
drawin'
53%
rowboats
53%
Taming
53%
tastes
52%
are
51%
leaks
51%
changin'
49%
floorboards
49%
Splendidly
49%
Hearts
48%
chariot
46%
Wish
46%
breakin'
45%
blush
44%
Lake
44%
waitin'
44%
jump
41%
portrait
41%
Watching
38%
realized)
27%
No matching quizzes found
Score Distribution
Percent of People with Each Score
Percentile by Number Answered
Your Score History
You have not taken this quiz